Nuclear South Asia : (Record no. 92000)

MARC details
000 -LEADER
fixed length control field 00684nam a22002057a 4500
005 - DATE AND TIME OF LATEST TRANSACTION
control field 20150428113344.0
010 ## - LCCN (DPL NO)
LC control number ENG-112316
020 ## - INTERNATIONAL STANDARD BOOK NUMBER
International Standard Book Number 9781138795730
Terms of availability 850.00
035 ## - SYSTEM CONTROL NUMBER
System control number EN-95848
037 ## - SOURCE OF ACQUISITION
Source of stock number/acquisition DBAD/PUB
082 ## - DEWEY DECIMAL CLASSIFICATION NUMBER
Classification number 355.02170954
100 ## - MAIN ENTRY--PERSONAL NAME
Personal name Rajagopalan, Rajesh
245 ## - TITLE STATEMENT
Title Nuclear South Asia :
Statement of responsibility, etc by Rajesh Rajagopalan [and] Atul Mishra
Remainder of title keywords and concepts /
260 ## - PUBLICATION, DISTRIBUTION, ETC. (IMPRINT)
Place of publication, distribution, etc New Delhi
Name of publisher, distributor, etc Routledge
Date of publication, distribution, etc 2014
270 ## - ADDRESS
Address 912,Tolstoy House, 15-17 Tolstoy Marg, Connaught Place
City New Delhi
Postal code 110001
300 ## - PHYSICAL DESCRIPTION
Extent xix,305p.
Dimensions 22cm(Hb)
500 ## - GENERAL NOTE
General note Includes bibliographical references
700 ## - ADDED ENTRY--PERSONAL NAME
Personal name Mishra, Atul
942 ## - ADDED ENTRY ELEMENTS (KOHA)
Source of classification or shelving scheme Dewey Decimal Classification
Item type English Books
Call number suffix RAJ
Classification part 355.02170954
Holdings
Withdrawn status Lost status Not for loan Collection code Home library Current library Date acquired Source of acquisition Cost, normal purchase price Full call number Barcode Copy number Cost, replacement price Koha item type
    Not For Loan Non-fiction D.B.Act.Division D.B.Act.Division 27/02/2015 DBAD/PUB 850.00 355.02170954 RAJ EN-95848 1 850.00 English Books

© Delhi Public Library
Hit Counter
free hit counter